MDQL
is popping MORE tags! Check the
thread
!
Quizzes
Events
Quiz Creation
Community
Videos
Private Events
Remove Ads
Sign In
Join for FREE
Feedback
Dark Mode
Quiz Categories
Sports
Geography
Music
Movies
Television
Just For Fun
Miscellaneous
History
Literature
Language
Science
Gaming
Entertainment
Religion
Holiday
For Kids
Quiz Lab
Recent
Popular Today
Quiz Kudos Today
Editor Picks
Curator Picks
Quizzes by...
Day
Popularity
Type
Ratings
Length
Year
Community
Subscriptions
Recent Discussions
Orange Saloon
Badges
Playlists
Quests
Create
Leaderboards
Showdown
Live 5
Trivia Bingo
Activity
Puzzle Library
Sporcle Events
Private Events
Virtual Trivia
Globe League
Become a Host
Pub Owners
SporcleCon
Opinionation
Our Games
Videos
Blog
Mobile Apps
Partnerships
Remove Ads and Go Orange
Feedback
Sports
Athletes
MLB
NBA
NHL
NFL
Soccer
Sports Teams
WWE
NCAA
Football
Premier League
Basketball
Baseball
Hockey
Golf
Tennis
Cricket
Rugby
Auto Racing
Olympics
World Cup
Sports
Athletes
MLB
NBA
NHL
NFL
Soccer
Sports Teams
WWE
NCAA
Football
Premier League
Basketball
Baseball
Hockey
Golf
Tennis
Cricket
Rugby
Auto Racing
Olympics
World Cup
Random Quiz
Search Sporcle
×
Quiz Lab
Quiz Lab
Sports
Baseball
Type in answers that appear in a list
Type in answers that appear in a list
Classic
Best Score? Go Orange.
Top 30 Fantasy Players in MLB, NBA, NFL from 2008-2010 Stats
Can you name the Top 30 Fantasy Players in MLB, NBA, NFL from 2008-2010?
By
maloneyb
15m
279 Questions
477 Plays
477 Plays
477 Plays
Comments
Comments
Give Quiz Kudos
Give Quiz Kudos
-
- Ratings
hide this ad
Replay
Link that replays current quiz
Next Quiz
Link to next quiz in quiz playlist
You Got
0%
They Got
Avg Score
61%
Avg Friend Score
Upgrade to see
Score Distribution
Jump to the score distribution portion of the page
Score
0/279
Timer
15:00
0
Plays Today
Player
% Correct
Lebron James
92.7%
Lebron James
92.7%
Lebron James
92.7%
Kobe Bryant
91.4%
Kobe Bryant
91.4%
Kobe Bryant
91.4%
Joe Johnson
90.1%
Joe Johnson
90.1%
Larry Johnson
90.1%
Andre Johnson
90.1%
Chris Johnson
90.1%
Andre Johnson
90.1%
Calvin Johnson
90.1%
Chris Johnson
90.1%
Andre Johnson
90.1%
Calvin Johnson
90.1%
Alex Rodriguez
89.7%
David Wright
89.5%
David Wright
89.5%
Dorell Wright
89.5%
Ryan Howard
89.3%
Ryan Howard
89.3%
Dwight Howard
89.3%
Dwight Howard
89.3%
Dwight Howard
89.3%
Steve Nash
89.1%
Steve Nash
89.1%
Steve Nash
89.1%
Kevin Garnett
88.3%
Kevin Garnett
88.3%
Dwayne Wade
88.1%
Dwayne Wade
88.1%
Dwayne Wade
88.1%
Albert Pujols
86.4%
Albert Pujols
86.4%
Albert Pujols
86.4%
Paul Pierce
86.2%
Paul Pierce
86.2%
Paul Pierce
86.2%
Dirk Nowitzki
86%
Dirk Nowitzki
86%
Dirk Nowitzki
86%
Peyton Manning
85.5%
Peyton Manning
85.5%
Peyton Manning
85.5%
Josh Smith
85.3%
Josh Smith
85.3%
Josh Smith
85.3%
Steve Smith
85.3%
Kevin Smith
85.3%
Steve Smith
85.3%
Chris Paul
85.1%
Chris Paul
85.1%
Chris Paul
85.1%
Adrian Peterson
83.6%
Adrian Peterson
83.6%
Adrian Peterson
83.6%
Tom Brady
83.4%
Tom Brady
83.4%
Tom Brady
83.4%
Deron Williams
82.4%
Deron Williams
82.4%
Deron Williams
82.4%
DeAngelo Williams
82.2%
DeAngelo Williams
82.2%
Steven Jackson
82%
Steven Jackson
82%
Steven Jackson
82%
DeSean Jackson
82%
Chris Bosh
81.6%
Chris Bosh
81.6%
Amare Stoudemire
80.9%
Amar'e Stoudemire
80.9%
Amar'e Stoudemire
80.9%
LaDainian Tomlinson
80.5%
LaDainian Tomlinson
80.5%
Hanley Ramirez
78.8%
Hanley Ramirez
78.8%
Carlos Gonzalez
78.8%
Hanley Ramirez
78.8%
Carmelo Anthony
78.8%
Carmelo Anthony
78.8%
Carmelo Anthony
78.8%
Carlos Lee
78.6%
Russell Westbrook
78%
Brian Westbrook
78%
Brian Westbrook
78%
Ryan Braun
77.1%
Chase Utley
77.1%
Ryan Braun
77.1%
Chase Utley
77.1%
Ryan Braun
77.1%
Jose Reyes
76.9%
Player
% Correct
David Ortiz
76.7%
Willie Parker
75.3%
Willie Parker
75.3%
Tim Duncan
74.8%
Tim Duncan
74.8%
Reggie Wayne
74.4%
Reggie Wayne
74.4%
Reggie Wayne
74.4%
Tony Romo
73.6%
Johan Santana
73.4%
Prince Fielder
73.4%
Prince Fielder
73.4%
Aaron Rodgers
73%
Miguel Cabrera
72.7%
Miguel Cabrera
72.7%
Randy Moss
72.7%
Randy Moss
72.7%
Randy Moss
72.7%
Jimmy Rollins
72.1%
Frank Gore
71.9%
Frank Gore
71.9%
Frank Gore
71.9%
Gilbert Arenas
70.9%
Kevin Durant
69%
Kevin Durant
69%
Drew Brees
68.8%
Drew Brees
68.8%
Drew Brees
68.8%
Derek Jeter
65.8%
Felix Hernandez
65.6%
Felix Hernandez
65.6%
Kevin Love
65.6%
Chauncey Billups
65.4%
Larry Fitzgerald
65.4%
Larry Fitzgerald
65.4%
Larry Fitzgerald
65.4%
Chauncey Billups
65.4%
Chauncey Billups
65.4%
Danny Granger
65%
Danny Granger
65%
Danny Granger
65%
Pau Gasol
64.8%
Pau Gasol
64.8%
Kevin Martin
64.8%
Manu Ginobili
64.8%
Manu Ginobili
64.8%
Roy Halladay
64.2%
Roy Halladay
64.2%
Rashard Lewis
63.3%
Jamal Lewis
63.3%
C.C. Sabathia
63.1%
C.C. Sabathia
63.1%
Troy Tulowitzki
62.9%
Troy Tulowitzki
62.9%
Clinton Portis
62.9%
Clinton Portis
62.9%
Maurice Jones-Drew
62.5%
Maurice Jones-Drew
62.5%
Matt Holliday
62.3%
Matt Holliday
62.3%
Matt Holliday
62.3%
Joseph Addai
61.6%
Gerald Wallace
61.2%
Terrell Owens
60.8%
Terrell Owens
60.8%
Baron Davis
60.6%
Ray Rice
60.6%
Monta Ellis
59.7%
Derrick Rose
59.5%
Jake Peavy
59.3%
Marion Barber
59.1%
Marion Barber
59.1%
Devin Harris
58.9%
Evan Longoria
58.5%
Evan Longoria
58.5%
Yao Ming
58.5%
Andre Iguodala
58.3%
Andre Iguodala
58.3%
Josh Hamilton
58.1%
Jason Kidd
57.9%
Vince Carter
57.4%
Al Jefferson
56.8%
Al Jefferson
56.8%
Al Jefferson
56.8%
Stephen Curry
56.2%
Carlos Boozer
56%
Carlos Boozer
56%
Greg Jennings
56%
Greg Jennings
56%
Brook Lopez
55.8%
Michael Turner
55.8%
Michael Turner
55.8%
Carl Crawford
54.9%
Player
% Correct
Carl Crawford
54.9%
Joe Mauer
53.5%
Alfonso Soriano
53%
Roddy White
53%
Roddy White
53%
Ryan Grant
52.6%
Ryan Grant
52.6%
Josh Beckett
52%
Al Horford
52%
Tim Lincecum
51.6%
Ichiro Suzuki
51.4%
Brandon Jacobs
51.4%
Brandon Jacobs
51.4%
Ronnie Brown
50.1%
Brandon Roy
49.5%
Roy Oswalt
49.3%
Marshawn Lynch
49.1%
Zack Greinke
48.6%
Lance Berkman
48%
Blake Griffin
48%
LaMarcus Aldridge
47.8%
Miles Austin
47.2%
Marques Colston
47.2%
Anquan Boldin
47.2%
Brandon Webb
46.8%
Robinson Cano
46.8%
Justin Verlander
46.5%
Antawn Jamison
46.3%
Rudy Gay
45.7%
Cole Hamels
45.5%
Matt Forte
45.5%
Jamaal Charles
44.7%
Beanie Wells
44.4%
Chris Carpenter
44.2%
Willis McGahee
44.2%
Caron Butler
44%
Mark Teixeira
42.8%
Adrian Beltre
42.3%
Cedric Benson
42.1%
Adam Wainwright
41.7%
Adam Wainwright
41.7%
Rashard Mendenhall
41.7%
Shonn Greene
40.3%
Matt Kemp
39.4%
Paul Konerko
39.2%
Shawn Marion
39.2%
Braylon Edwards
38.8%
Jose Bautista
38.2%
Ubaldo Jimenez
37.9%
Vladimir Guerrero
37.7%
Vladimir Guerrero
37.7%
Jacoby Ellsbury
37.5%
Dan Uggla
37.5%
Brandon Marshall
37.1%
Paul Millsap
36.9%
Joey Votto
35.8%
Jayson Werth
34.4%
Mark Reynolds
34.2%
Maurice-Jones Drew
33.1%
Jason Richardson
31.9%
Jonathan Papelbon
31.2%
Plaxico Burress
31.2%
Steve Slaton
30.8%
Jered Weaver
30.2%
Dan Haren
28.5%
Dan Haren
28.5%
Marcus Camby
27.3%
Jason Bay
26.4%
Ryan Zimmerman
25.6%
Shin-Soo Choo
24.7%
Laurence Maroney
24.1%
Ryan Mathews
22.6%
T.J. Houshmandzadeh
22%
John Smoltz
18.9%
Alex Rios
18.4%
Scott Kazmir
18.2%
Adam Lind
17.2%
Billy Wagner
12.6%
Javier Vazquez
11.7%
Juan Pierre
11.7%
Joe Nathan
9.6%
Erik Bedard
8.8%
Jonathan Broxton
7.5%
J.J. Putz
7.3%
R
1.7%
R
1.7%
R
1.7%
R
1.7%
R
1.7%
R
1.7%
R
1.7%
R
1.7%
R
1.7%
Quiz Playlist
Details
Report
Send in Message
Add To Playlist
Classic:
Type in answers that appear in a list
Last Updated: Feb 16, 2017
Quiz Scoreboard
CHALLENGE
Sign Up to Join the Scoreboard
Show All
Scores
Hide
Comments
May contain spoilers
Recently Published
Two Season TV Shows II
by 123Four
Television
10m
Image Sorting: Flags VI
by Barbecue
Geography
2m
Find the 'City' Movie
by crazypaving
Movies
60s
More to Explore
Quiz From the Vault
Featured Blog Post
14 Easter Pick-up Lines to Find Eggs With
hide this ad
You Might Also Like...
Tags
Baseball Quiz
Basketball Quiz
MLB Quiz
NBA Quiz
NFL Quiz
2008
Fantasy
Player
team
Top 30
Today's Top Quizzes in Sports
Browse Sports
hide this ad
Today's Top Quizzes in Baseball
Browse Baseball
Top Contributed Quizzes in Sports
1
Les meilleurs buteurs des matchs entre le PSG et l’OM
2
Les entraîneurs de l'OM et du PSG au 21e siècle
3
2022 World Cup Stars
4
Les joueurs passés par le PSG et l'OM
5
Players with Multiple 50 Home Run Seasons
6
Criteria MLB: Left Handed Sluggers
7
FIFA Club World Cup Champions
8
Les joueurs passés par le LOSC et le RC Lens
9
NBA Logic Puzzle 2.0
10
Top 10 NHL Goal Scorers of All Time
Explore More
Trending Topics
Marvel
Anime
Harry Potter
NBA
Crossword
Kpop
Disney
WWE
Soccer
NFL
Puzzle
Pokémon
Country
Song
The Office
hide this ad
More By:
maloneyb
Quiz
Plays
Rating
Category
Featured
Created
Top 30 Fantasy Players in MLB, NBA, NFL from 2008-2010
477
3.20
Sports
May 19, 2011
Go to Creator's Profile
Score Distribution
Quiz Creator Spotlight
maloneyb
Follow
Send a Message
Quizzes Created
-
Created Quiz Play Count
-
More By This Creator
Popular Quizzes Today
1
Colored Red Africa Blitz
2
Find the US States - No Outlines Minefield
3
Find the 'City' Movie
4
5x2 Blitz: Bands
5
The Countries of the World
6
Find the US States
7
Find the Countries of Europe - No Outlines Minefield
8
US States
More Sports Quizzes
Top Ten NHL Stats: Finland
Quiz Lab
Trending Quizzes
Colored Red Europe Blitz I
Colored Red Africa Blitz II
Colored Red Europe Blitz II
Colored Red Africa Blitz III
Colored Red Europe Blitz III
Recently Updated
How Do You Spell That?
pecheneg
Godzilla Movies
pecheneg
Grab Bag: 4-10 Letters
pecheneg
2024 March Madness Bracket
pecheneg
Famous TV Couples
Peacemaker
Champions League XIs: Real Madrid
pecheneg
Largest US Cities 1790-2010
pecheneg
Rides in Walt Disney World
pecheneg
Most Oscar Losses (Acting)
pecheneg
Beyoncé Albums
pecheneg
Trending Topics
Kpop
Anime
NBA
Harry Potter
Marvel
Disney
Crossword
Country
Soccer
Pokémon
Puzzle
Song
WWE
The Office
NFL
Your Account Isn't Verified!
In order to create a playlist on Sporcle, you need to verify the email address you used during registration. Go to your
Sporcle Settings
to finish the process.
Report this User
Report this user for behavior that violates our
Community Guidelines
.
Details:
Send Report
Go to the Sporcle.com Mobile Site →
Comments